| 000 | 00619nam a2200133 a 4500 | ||
|---|---|---|---|
| 001 | 000029020 | ||
| 005 | 20200930055259.0 | ||
| 008 | 110413s1959 dr r 000 0 spa d | ||
| 040 |
_aDO-SdBNP _bspa _cBNPHU |
||
| 082 |
_axxxx _bxxxx |
||
| 245 | 0 | 0 | _aMensaje que los profesionales universitarios dominicanos dirigen a su excelencia el genaralísimo Dr. Rafael Leonidas Trujillo Molina, benefactor de la patria y padre de la patria nueva, con ocación del homenaje nacional que dicha clase rinde al líderdel pueblo dominicano/. |
| 260 |
_aCiudad Trujillo, República Dominicana : _b[s.n.], _c1959. |
||
| 300 |
_a57 P. _a23 cm. |
||
| 999 |
_c28512 _d28512 |
||